000 00688nam a22002177a 4500
003 UA-OsUOA
001 119816
007 ta
008 20161118b un ||||| |||| 00| 0 ukr d
100 _aКрімер Б.О.
090 _a330(477)
_bК82
942 _cSA
040 _aUA-OsUOA
_bukr
_cUA-OsUOA
_dUA-OsUOA
245 _aФінансові інструменти сімейної політики України в контексті вдосконалення системи сприяння сім'ям з дітьми
300 _aС.82-94
955 _a0
041 _aukr
080 _a330(477)
773 0 _w119809
650 7 _a330 Економіка взагалі
_2UDC
999 _c406102
_d406102